Rozmiestňovanie geometrických útvarov : Rešerš

Uložené v:
Podrobná bibliografia
Médium: Kniha
Vydavateľské údaje: Bratislava : Centrum VTI SR, 1999
Tagy: Pridať tag
Žiadne tagy, Buďte prvý, kto otaguje tento záznam!

MARC

LEADER 00000nam a22000003a 4500
001 stu51329
005 20241030102606.8
008 991214s1999----xo----------------------d
040 |a STU  |b slo 
041 0
044 |a xo 
080 |a 514.114(048.8)  |7 A000000434 
245 |a Rozmiestňovanie geometrických útvarov :  |b Rešerš 
260 |a Bratislava :  |b Centrum VTI SR,  |c 1999 
300 |a 43 záznamov 
996 |b MR 139  |c M*R-139  |l MMKN  |s A  |a 24  |w stu51329_0001